005420000a220009700045001000021000002450065000213000048000865000065001345200200001997730045003991 aGaviria, Pascual10a"Es que vos sos optmista" : Nuevo libro de Juan José Hoyos aVol.0, núm.11 (Agosto, 2006), Página 14 aPeriodista, escritor y columnista de opinión antioqueño. aAcaba de publicar una selección de sus columnas en el diario El Colombiano. Él dice que son crónicas, a pesar de que hace veinte años le prometió a Sábato no dedicarse al periodismo.0 tArcadia / Andrés Felipe Solano, Editor